书目信息 |
| 题名: |
体操中的跳跃练习
|
|
| 作者: | 王晓东 编著 | |
| 分册: | ||
| 出版信息: | 北京 人民体育出版社 1980 |
|
| 页数: | 138页 | |
| 开本: | 19cm | |
| 丛书名: | ||
| 单 册: | ||
| 中图分类: | G831.2 | |
| 科图分类: | ||
| 主题词: | 中小学体育教师参考书 , 体操--中学--教学参考资料 , 体操--小学--教学参考资料 , 体操 | |
| 电子资源: | ||
| ISBN: | ||
| 000 | 00767nam0 2200277 45 | |
| 001 | 0180001261 | |
| 005 | 20040505102159.0 | |
| 010 | @dCNY0.37 | |
| 091 | @a7015.1844 | |
| 100 | @a19950415d1980 demy0chiy0121 ea | |
| 101 | 0 | @achi |
| 102 | @aCN@b110000 | |
| 105 | @ay z 000yy | |
| 106 | @ar | |
| 200 | 10 | @a体操中的跳跃练习@Ati cao zhong de tiao yue lian xi@e中小学体育教师参考书@f王晓东编著 |
| 210 | @a北京@c人民体育出版社@d1980 | |
| 215 | @a138页@d19cm | |
| 606 | @a中小学体育教师参考书 | |
| 606 | @a体操@x中学@x教学参考资料 | |
| 606 | @a体操@x小学@x教学参考资料 | |
| 606 | 0 | @a体操 |
| 690 | @aG831.2 | |
| 701 | 0 | @a王晓东@Awang xiao dong@4编著 |
| 801 | 0 | @aCN@b上海图书馆@c20040505 |
| 801 | 2 | @aCN@bNLC@c20040505 |
| 905 | @f1@b73044@dG831.2@e3 | |
| 体操中的跳跃练习:中小学体育教师参考书/王晓东编著.-北京:人民体育出版社,1980 |
| 138页;19cm |
| ISBN :CNY0.37 |
| ● |
| 相关链接 |
|
|
|
|
正题名:体操中的跳跃练习
索取号:G831.2/3
 
预约/预借
| 序号 | 登录号 | 条形码 | 馆藏地/架位号 | 状态 | 备注 |
| 1 | 0073044 | 000995454 | 第一样本阅览室/ [索取号:G831.2/3] | 在馆 |